000 00262nam a22001217a 4500
003 SGT
082 _a346.0484
_bBAR
100 _aBARE ACT
245 _aTHE DESIGN ACT 2000
260 _aGURGAON
_bUNIVERSAL/LEXIS NEXIS
_c2023
300 _aV ,60
942 _2ddc
_cBK
999 _c23968
_d23968